| 000 | 00515nam a2200169 i 4500 | ||
|---|---|---|---|
| 001 | 151076 | ||
| 003 | ES-MaACL | ||
| 005 | 20230906203827.0 | ||
| 007 | t| | ||
| 008 | 071204q19401949ve ||||1| spa d | ||
| 100 | 1 |
_aAristeguieta, Jean. _922855 |
|
| 245 | 1 | 0 |
_aPoesía-poesía / _cpor Jean Aristeguieta. |
| 260 |
_aCaracas : _b[s.n., _c194-?] |
||
| 300 |
_a12 p. ; _c23 cm. |
||
| 500 | _aSuplemento al número 84 de la revista: "Lírica Hispana", Caracas - Venezuela. | ||
| 852 |
_aES-MaACL _j1914-F-15 _bR.29844 |
||
| 999 |
_c151076 _d151076 |
||